000 00539nam a2200217Ia 4500
005 20250508163610.0
008 008 250505s9999 xx 000 0 eng d
020 _a0-205-08177-0
037 _aReference
040 _aFEDL
_beng
_cFEDL
041 _aeng
_2eng
084 _a150, LEF
_qFEDL
100 _aLefton Lester A
245 0 _aPsychology
250 _a3
260 _aBoston, USA
_bAllyn and Bacon
_c1985
300 _axiv,663
365 _aINR
_b175
942 _cREF
_h150, LEF
999 _c1384282
_d1384282